000 00853nam a22001937a 4500
005 20250902164416.0
010 _aHIN-130342
020 _c420
_a9788195188130
035 _aHN-102688
037 _bDBAD
082 _a820.8
100 _aमायादेवी डब्ल्यू
_984523
245 _aहिन्दी साहित्य में हाशिये के स्वर /
_cडब्ल्यू मायादेवी
260 _bसंबोंधि प्रकाशन
_c2022
_aमहाराष्ट्र
270 _aहुंडा (प .उ) ता . उमरी .जि नादेंड
_aमहाराष्ट्र -431807
300 _a280 पृ.;
_c21 सेमी (अजिल्द)
700 _984491
942 _2ddc
_cHN
_h820.8
_mहिन्दी सा
999 _c213261
_d213261